| 000 | 00763nam a2200241Ia 4500 | ||
|---|---|---|---|
| 003 | OSt | ||
| 005 | 20221002050846.0 | ||
| 006 | a|||||r|||| 00| 0 | ||
| 007 | ta | ||
| 008 | 220930b |||||||| |||| 00| 0 eng d | ||
| 024 | _a21035 | ||
| 037 | _cReference Collections | ||
| 040 |
_aCRL _cCRL _beng |
||
| 041 |
_2eng _aeng |
||
| 082 | _aPk, N4.1-.10(RR) | ||
| 100 |
_aAsher R E Ed _95221 |
||
| 245 | 0 | _aEncyclopedia of language and linguistics | |
| 260 |
_aOxford _bPergamon _c1994 |
||
| 300 |
_a438p, 439-1082p, 1083-1692p, 1693-2312p, 2313-2895p, 2897-3435p, 3437-4022p, 4023-4509p, 4511-5086p, 5087-5644p _ccm. |
||
| 650 | _aLINGUISTICS | ||
| 942 |
_hPk, N4.1-.10(RR) _cref _2CC |
||
| 999 |
_c915497 _d915497 |
||